000 00763nam a22002897a 4500
001 BR0001259
003 BR-BrBNA
005 20230928100601.0
007 ta
008 230509b bl.||||| |||| 00| 0 por d
040 _aBR-BrBNA
_bpor
_cBiblioteca Nacional de Agricultura
041 _a(Por)
072 _aL01
_b5300
090 _ 5300 BR0001259
110 1 _aAssociacao Brasileira de Criadores de Suinos, Estrela, RS (Brasil)
_9266
245 1 _aSuinocultura 500 anos
260 3 _aEstrela, RS (Brasil):
_c1999.
300 _a44 p.
500 _atables; illus.
650 _aSuinocultura
650 _aProducao Animal
650 _aAbate
650 _aExportacao
650 _aImportacao
909 _a202309
_bLucia
_c55
_dLucia Elande
942 _cBK
999 _c61920
_d61920